101 grafici dell'AGI (Record no. 21933)

MARC details
000 -CABECERA
campo de control de longitud fija 00662nam a2200241 4500
003 - IDENTIFICADOR DEL NÚMERO DE CONTROL
campo de control OSt
005 - FECHA Y HORA DE LA ÚLTIMA TRANSACCIÓN
campo de control 20260601193853.0
008 - DATOS DE LONGITUD FIJA--INFORMACIÓN GENERAL
campo de control de longitud fija 260417b1974 it a|||| |||| 00| 0 ita d
040 ## - FUENTE DE LA CATALOGACIÓN
Centro catalogador/agencia de origen ICI
Lengua de catalogación spa
Centro/agencia transcriptor ICI
041 ## - CÓDIGO DE LENGUA
Código de lengua del texto/banda sonora o título independiente ita
050 ## - SIGNATURA TOPOGRÁFICA DE LA BIBLIOTECA DEL CONGRESO
Número de clasificación NC997
Número de documento/Ítem A4C36 1974
100 #1 - ENTRADA PRINCIPAL--NOMBRE DE PERSONA
Nombre de persona Olivetti
9 (RLIN) 32620
240 ## - TÍTULO UNIFORME
Título uniforme 107 grafici dell' agi :
Lenguaje de la obra ita
243 ## - TÍTULO UNIFORME COLECTIVO
Título uniforme <a href="107 grafici dell' agi :">107 grafici dell' agi :</a>
245 #1 - MENCIÓN DE TÍTULO
Título 101 grafici dell'AGI
Resto del título Alliance Graphique Internationale
264 ## - PRODUCCIÓN, PUBLICACIÓN, DISTRIBUCIÓN, FABRICACIÓN Y COPYRIGHT
Nombre del de productor, editor, distribuidor, fabricante Alfieri Editore
Fecha de producción, publicación, distribución, fabricación o copyright 1974
Producción, publicación, distribución, fabricación y copyright Venezia
300 ## - DESCRIPCIÓN FÍSICA
Extensión 202 páginas
336 ## - TIPO DE CONTENIDO
Término de tipo de contenido texto
Fuente rdacontent
337 ## - TIPO DE MEDIO
Nombre/término del tipo de medio sin medio
Fuente rdamedia
338 ## - TIPO DE SOPORTE
Nombre/término del tipo de soporte volumen
Fuente rdacarrier
650 ## - PUNTO DE ACCESO ADICIONAL DE MATERIA--TÉRMINO DE MATERIA
Término de materia o nombre geográfico como elemento de entrada Arte comercial
942 ## - ELEMENTOS DE PUNTO DE ACCESO ADICIONAL (KOHA)
Fuente del sistema de clasificación o colocación Dewey Decimal Classification
Tipo de ítem Koha Libros
Holdings
Estado de retiro Estado de pérdida Fuente del sistema de clasificación o colocación Estado dañado No para préstamo Localización permanente Ubicación/localización actual Fecha de adquisición Total de préstamos Signatura topográfica completa Código de barras Fecha visto por última vez Número de copia Precio válido a partir de Tipo de ítem Koha
El ejemplar forma parte de la colección y puede ser consultado según las políticas vigentes.   Library of Congress Classification     Biblioteca de Diseño Museo Franz Mayer Biblioteca de Diseño Museo Franz Mayer 18/04/2026   NC997 A4C36 1974 BDIMFM000029 18/04/2026 Ej. 1 18/04/2026 Libros